Material management (Record no. 49858)

MARC details
000 -LEADER
fixed length control field 00460nam a2200121Ia 4500
100 ## - MAIN ENTRY--AUTHOR NAME
Personal name Varma K.S.
245 #0 - TITLE STATEMENT
Title Material management
260 ## - PUBLICATION, DISTRIBUTION, ETC. (IMPRINT)
Name of publisher In: Lecture Notes for the Refresher Course for small scale rubber/latex goods manufacturers. Rubber Research Institute of India, Kottayam, India, pp. 271-277.
Year of publication 1981
650 ## - SUBJECT ADDED ENTRY--TOPICAL TERM
Topical Term Material management
650 ## - SUBJECT ADDED ENTRY--TOPICAL TERM
Topical Term Smallscale rubber manufacturing unit
942 ## - ADDED ENTRY ELEMENTS (KOHA)
Koha item type Bibliography STAF
Holdings
Withdrawn status Lost status Damaged status Not for loan Home library Current library Shelving location Date acquired Koha item type
      Bibliography RRII Library RRII Library Economics 09/04/2014 Bibliography STAF